00326nam a2200121Ia 4500008004100000041000800041082001500049100002100064245004400085260003800129300003000167365000700197240624s9999 xx 000 0 und d aeng a332.17 SEK aSEKHAR Y CHANDRA aFINANCIAL MARKETS AND SERVICES EMERGING c2004aHyderabadbICFAI University axv, : 147 : p. : cm. ; 23 cRS